<?xml version="1.0" encoding="UTF-8"?>
<record
    xmlns:xsi="http://www.w3.org/2001/XMLSchema-instance"
    xsi:schemaLocation="http://www.loc.gov/MARC21/slim http://www.loc.gov/standards/marcxml/schema/MARC21slim.xsd"
    xmlns="http://www.loc.gov/MARC21/slim">

  <leader>00728nam a2200181 a 4500</leader>
  <controlfield tag="001">BRL_1482</controlfield>
  <controlfield tag="005">20190320211228.0</controlfield>
  <controlfield tag="008">230114t1961----mx-ab#####---#000-0#spa-#</controlfield>
  <datafield tag="050" ind1=" " ind2="4">
    <subfield code="a">HC137.C4</subfield>
    <subfield code="b">.K67 1992</subfield>
  </datafield>
  <datafield tag="100" ind1="1" ind2=" ">
    <subfield code="a">Korsbaek, Leif</subfield>
    <subfield code="9">27054</subfield>
  </datafield>
  <datafield tag="245" ind1="1" ind2="0">
    <subfield code="a">El sistema de cargos en la antropolog&#xED;a chiapaneca</subfield>
    <subfield code="b">de la antropolog&#xED;a tradicional a la moderna</subfield>
    <subfield code="c">Leif Korsbaek.</subfield>
  </datafield>
  <datafield tag="260" ind1=" " ind2=" ">
    <subfield code="a">Tuxtla Guti&#xE9;rrez, Chiapas, M&#xE9;xico</subfield>
    <subfield code="b">Gobierno del Estado de Chiapas : Instituto Chiapaneco de Cultura</subfield>
    <subfield code="c">1992</subfield>
  </datafield>
  <datafield tag="300" ind1=" " ind2=" ">
    <subfield code="a">27 p.</subfield>
    <subfield code="c">22 cm.</subfield>
  </datafield>
  <datafield tag="440" ind1=" " ind2="0">
    <subfield code="a">Cuadernos de la biblioteca p&#xFA;blica</subfield>
    <subfield code="v">2</subfield>
    <subfield code="9">27055</subfield>
  </datafield>
  <datafield tag="651" ind1=" " ind2="4">
    <subfield code="a">Chiapas</subfield>
    <subfield code="x">Condiciones econ&#xF3;micas</subfield>
    <subfield code="z">M&#xE9;xico</subfield>
    <subfield code="9">27056</subfield>
  </datafield>
  <datafield tag="651" ind1=" " ind2="4">
    <subfield code="a">Chiapas</subfield>
    <subfield code="x">Condiciones sociales</subfield>
    <subfield code="z">M&#xE9;xico</subfield>
    <subfield code="9">27057</subfield>
  </datafield>
  <datafield tag="942" ind1=" " ind2=" ">
    <subfield code="2">lcc</subfield>
    <subfield code="c">B</subfield>
  </datafield>
  <datafield tag="999" ind1=" " ind2=" ">
    <subfield code="c">10292</subfield>
    <subfield code="d">10292</subfield>
  </datafield>
  <datafield tag="952" ind1=" " ind2=" ">
    <subfield code="0">0</subfield>
    <subfield code="1">0</subfield>
    <subfield code="4">0</subfield>
    <subfield code="7">0</subfield>
    <subfield code="a">BRL</subfield>
    <subfield code="b">BRL</subfield>
    <subfield code="d">2014-01-23</subfield>
    <subfield code="l">0</subfield>
    <subfield code="o">HC137.C4 .K67 1992</subfield>
    <subfield code="p">00031</subfield>
    <subfield code="r">2019-03-22 00:00:00</subfield>
    <subfield code="w">2019-03-22</subfield>
    <subfield code="y">B</subfield>
  </datafield>
</record>
